Entry Personal Name
Number of records used in: 1
001 - CONTROL NUMBER
003 - CONTROL NUMBER IDENTIFIER
005 - DATE AND TIME OF LATEST TRANSACTION
- control field:
20230929155300.0
008 - FIXED-LENGTH DATA ELEMENTS
- fixed length control field:
080514n| acannaabn |a aaa
010 ## - LIBRARY OF CONGRESS CONTROL NUMBER
- LC control number:
nb2008010456
035 ## - SYSTEM CONTROL NUMBER
- System control number:
(Uk)007121310
040 ## - CATALOGING SOURCE
- Original cataloging agency:
Uk
- Language of cataloging:
eng
- Transcribing agency:
Uk
100 1# - HEADING--PERSONAL NAME
- Personal name:
Jain, R. K.
- Fuller form of name:
(Rajinder Kumar),
- Dates associated with a name:
1941-
400 1# - SEE FROM TRACING--PERSONAL NAME
- Personal name:
Jain, Rajinder Kumar,
- Dates associated with a name:
1941-
670 ## - SOURCE DATA FOUND
- Source citation:
Engineering mathematics, c2007:
- Information found:
t.p. (R. K. Jain)
670 ## - SOURCE DATA FOUND
- Source citation:
BL auth. file, 14 May 2008
- Information found:
(hdg.: Jain, R. K. (Rajinder Kumar), 1941-)